00292nam a2200121Ia 4500008004100000020001500041041001200056100001200068245003500080260003900115300000800154650000800162221030s9999 xx 000 0 und d a9332550353 aEnglish aW. Wolf 0aModern VLSI Designcby W. Wolf bPearson EducaitonaNew Delhic2015 a627 aECE